00873nam a2200241Ia 450000100060000000300090000600800410001504000130005604000130006904100130008210000240009510000280011924500710014724500270021825000110024526000100025626000280026626000490029430000570034350001650040065000350056565000310060025337IT-RoPAU130308s9999 xx 000 0 und d aIT-RoPAU cIT-RoPAU aFRANCESE aVernant Jean-Pierre gCodice Aut. SPICS: 76 aDe la presentification de l'invisible a l'imitation de l'apparence bImage et Signification a1a ed. aPARIS bDocumentation Francaise c1983 [1° Ed.:1983 - Ed.Ling.Originale:1983] a"13 p. (prefazione: no ; testo: 13 [pagine: 25-37])" aDal Presentimento dell'Invisibile All'Imitazione dell'Apparente Figura e Azione rituale Figura e Oggetti Simbolici immagine Tempio Pubblicità Figura del Corpo aTEORIA/LINGUAGGI DI ICONOLOGIA eCodice materia Spics: 5153